000 00326nam a2200121Ia 4500
008 190216s9999||||xx |||||||||||||| ||und||
100 _aCareer Stuy Centre
245 0 _aCareers In Communications
260 _bCentral Institute For Research &training
_c1982
300 _a66p
650 _aCommunications
942 _cREF
999 _c35818
_d35818